Educación para la salud /
Guardado en:
| Autor Principal: | |
|---|---|
| Otros Autores: | |
| Formato: | Libro |
| Publicado: |
Buenos Aires :
Huemul,
1990
|
| Series: | Colección Textos Huemul
|
| Materias: | |
| Etiquetas: |
Agregar Etiqueta
Sin Etiquetas, Sea el primero en etiquetar este registro!
|
| LEADER | 02454nam a22002895a 4500 | ||
|---|---|---|---|
| 001 | CEM.cems002180 | ||
| 005 | 20100531100616.0 | ||
| 008 | 130507s1990##################000#0#####d | ||
| 003 | CEMS | ||
| 020 | |a 9501002632 | ||
| 082 | 0 | 4 | |a 614 |
| 100 | 1 | |a Dutey, María Léonie | |
| 245 | 1 | 0 | |a Educación para la salud / |c María Léonie Dutey y Susana Teresa Nocetti |
| 260 | |a Buenos Aires : |b Huemul, |c 1990 | ||
| 300 | |a 285 p. | ||
| 490 | 0 | |a Colección Textos Huemul | |
| 500 | |a Para quinto año de bachillerato (ciclo superior)para cuarto año de escuelas de comercio | ||
| 505 | 0 | |a Salud del hombre -- Ecosistema humano -- Salud y enfermedad -- La salud a lo largo de la vida -- Etapa prenatal -- El recién nacido -- Primera infancia -- Segunda infancia -- Adolescencia -- Educación sexual -- Adultez -- Ancianidad -- La salud a nivel del hombre -- Necesidades básicas del hombre -- Noxas -- Acciones de salud -- Prevención primaria -- Alimentación -- Inmunidad -- Prevención secundaria -- Prevención terciaria -- La salud de la población -- La salud a nivel del ambiente -- El aire -- El ruido -- Las radiaciones -- El agua -- El suelo -- Urbanismo y vivienda -- Ambito socio-cultural -- Ambito familiar -- Ambito laboral -- Enfermedades que amenazan la salud -- las enfermedades -- Problemas sanitarios argentinos -- Cáncer -- Poliomielitis -- Teberculosis -- Enfermedades cardiovasculares -- Enfermedades de transmisión sexual -- SIDA -- Enfermedades de Chagas-Mazza -- Diabetis -- Diarrea infantil -- Hidatidosis -- Rabia -- Bocio endémico -- Paludismo -- Lepra -- Brucelosis -- Anquilostomiasis -- Fiebre hemorrágica argentina -- Gripe -- Difteria -- Escarlatina y rubéola -- Sarampión y varicela -- Más peligros amenzan la salud -- Drogadependencia -- Tabaquismo -- Alcholismo -- Accidentes -- Primeros auxilios -- Reencuentro con la salud -- Rehabilitación | |
| 653 | |a Educación para la salud | ||
| 700 | 1 | |a Nocetti, Susana Teresa | |
| 859 | |a CEMS |b BIB. CEMS - 11 de abril |h 614 |i D951 |p 16699.92 |t Ej.1 | ||
| 859 | |a CEMS |b BIB. CEMS - 11 de abril |h 614 |i D951 |p 17008.93 |t Ej.2 | ||
| 859 | |a CEMS |b BIB. CEMS - 11 de abril |h 614 |i D951 |p 17012.93 |t Ej.3 | ||
| 859 | |a CEMS |b BIB. CEMS - 11 de abril |h 614 |i D951 |p 17013.93 |t Ej.4 | ||
| 859 | |a CEMS |b BIB. CEMS - 11 de abril |h 614 |i D951 |p 17761.94 |t Ej.5 | ||
| 859 | |a CEMS |b BIB. CEMS - 11 de abril |h 614 |i D951 |p 17762.94 |t Ej.6 | ||
| 859 | |a CEMS |b BIB. CEMS - 11 de abril |h 614 |i D951 |p 17763.94 |t Ej.7 | ||
